00274nam a2200121Ia 4500008004100000100001800041245002000059260002800079300000900107650001200116942000700128999001700135190216s9999||||xx |||||||||||||| ||und|| aIrving Kaplan 0aNuclear Physics bNarosa Pubs Housec1998 a770p aPhysics cBK c32837d32837